[Event "II Miedzynarodowy Memorial Ireny Warakomskiej - Open C"]
[Site "Suwalki"]
[Date "2018.08.07"]
[Round "8.1"]
[White "Mecelica, Erikas "]
[Black "Pieczulis, Blazej"]
[Result "1-0"]
[WhiteTitle ""]
[BlackTitle ""]
[WhiteElo "1560"]
[BlackElo "1442"]

1. e4 e6 2. d4 d5 3. e5 c5 4. c3 Nc6 5. Nf3 Bd7 6. Bd3 Qb6 7. O-O cxd4 8. cxd4
Nb4 9. Nc3 Nxd3 10. Qxd3 Bb4 11. Be3 Rc8 12. Rfc1 Ne7 13. a3 Bxc3 14. bxc3 Bb5
15. Qd2 Nf5 16. a4 Bc4 17. Rcb1 Qc6 18. Qb2 Nxe3 19. fxe3 Ba6 20. Rc1 O-O 21.
Qf2 Rc7 22. Qh4 Qc4 23. Qf2 Rfc8 24. Ra3 h6 25. Qd2 Qd3 26. Qxd3 Bxd3 27. Kf2
f6 28. exf6 gxf6 29. g3 Kf7 30. Ke1 Ke7 31. Kd2 Be4 32. Ng1 e5 33. Rf1 Ke6 34.
Ne2 Bg6 35. Nc1 Ke7 36. Na2 Rc4 37. Nb4 Ke6 38. a5 Be8 39. Nd3 R8c7 40. Rb3 Ba4
41. Rb4 Bc6 42. Nc5+ Ke7 43. Rfb1 Kd6 44. R1b3 b5 45. axb6 axb6 46. Rxb6 Ra7 47.
Rb2 Ra1 48. Rb1 Ra2+ 49. R6b2 1-0

[Event "II Miedzynarodowy Memorial Ireny Warakomskiej - Open C"]
[Site "Suwalki"]
[Date "2018.08.07"]
[Round "8.2"]
[White "Seredyn, Dominik "]
[Black "Kaliszuk, Kamil"]
[Result "1/2-1/2"]
[WhiteTitle ""]
[BlackTitle ""]
[WhiteElo "1543"]
[BlackElo "1479"]

1. e4 d6 2. d4 g6 3. Nf3 Bg7 4. Nc3 Nf6 5. Be2 O-O 6. O-O Nbd7 7. h3 c5 8. Be3
cxd4 9. Nxd4 Nc5 10. Bf3 Nfd7 11. Nb3 Nxb3 12. axb3 a6 13. Bd4 Ne5 14. Be2 Bd7
15. Nd5 Nc6 16. Bxg7 Kxg7 17. c4 e5 18. f4 f6 19. f5 Nd4 20. Bd3 Bc6 21. Kh1 Bxd5
22. exd5 g5 23. Rc1 Qb6 24. Rc3 Qc7 25. b4 b6 26. c5 bxc5 27. bxc5 dxc5 28. b4
Qb7 29. Rxc5 Rfc8 30. Qb1 Rab8 31. Rfc1 Rxc5 32. bxc5 Qa7 33. Qa2 Nb3 34. Qxa6
Qxa6 35. Bxa6 Nxc1 36. c6 Nb3 1/2-1/2

[Event "II Miedzynarodowy Memorial Ireny Warakomskiej - Open C"]
[Site "Suwalki"]
[Date "2018.08.07"]
[Round "8.3"]
[White "Ingielewicz, Konrad"]
[Black "Tarawski, Adrian "]
[Result "1/2-1/2"]
[WhiteTitle ""]
[BlackTitle ""]
[WhiteElo "1539"]
[BlackElo "1278"]

1. c4 e5 2. Nc3 Nf6 3. Nf3 Nc6 4. g3 d5 5. cxd5 Nxd5 6. d3 Be6 7. Bg2 Be7 8. O-O
O-O 9. Nxd5 Bxd5 10. b3 f5 11. Bb2 Bf6 12. e3 Qe7 13. d4 Rad8 14. Qc1 exd4 15.
Ba3 Nb4 16. exd4 Bxf3 17. Bxf3 Rxd4 18. Bxb7 c5 19. Bg2 Be5 20. Bxb4 Rxb4 21.
Rb1 f4 22. Bf3 fxg3 23. fxg3 Qd6 24. Kg2 Rd4 25. Rd1 Qf6 26. Rf1 Qd6 27. Rd1 Qf6
28. Rf1 Qd6 1/2-1/2

[Event "II Miedzynarodowy Memorial Ireny Warakomskiej - Open C"]
[Site "Suwalki"]
[Date "2018.08.07"]
[Round "8.4"]
[White "Gres, Rafal"]
[Black "Kaminski, Stefan "]
[Result "0-1"]
[WhiteTitle ""]
[BlackTitle ""]
[WhiteElo "1149"]
[BlackElo "1518"]

1. e4 e5 2. Nf3 Nc6 3. Bc4 Bc5 4. b4 Bxb4 5. c3 Ba5 6. O-O h6 7. Qb3 Qe7 8. d4
exd4 9. cxd4 Bb6 10. Ne5 Nxd4 11. Bxf7+ Kd8 12. Qc4 Qxe5 13. Bxg8 Qe8 14. Bf7
Qe7 15. a4 Rf8 16. Bg6 a6 17. Nc3 Qf6 18. Bf5 Nxf5 19. exf5 Qc6 20. Qh4+ Qf6 21.
Qg3 c6 22. Bb2 Bc7 23. Qd3 Qxf5 24. Qe3 Qf4 25. Qxf4 Bxf4 26. Ne2 g6 27. g3 Bg5
28. Bd4 Bf6 29. Bb6+ Ke8 30. Rae1 Kf7 31. Nf4 d5 32. Re2 Bf5 33. Rc1 Rfe8 34.
Ra2 g5 35. Ng2 Re7 36. Ne3 Bg6 37. Bc5 Rd7 38. Kg2 Rc8 39. Ng4 Bg7 40. Re1 Re8
41. Rxe8 Kxe8 42. Re2+ Kf7 43. h3 d4 44. f3 d3 45. Rd2 Rd5 46. Bb6 h5 47. Ne3
Rd7 48. Nc4 Ke6 49. Be3 Bf6 50. f4 gxf4 51. Bxf4 b5 52. Nb6 0-1

[Event "II Miedzynarodowy Memorial Ireny Warakomskiej - Open C"]
[Site "Suwalki"]
[Date "2018.08.07"]
[Round "8.5"]
[White "Rog, Mateusz "]
[Black "Hancharevich, Heorhi "]
[Result "1/2-1/2"]
[WhiteTitle ""]
[BlackTitle ""]
[WhiteElo "1510"]
[BlackElo "1369"]

1. e4 e5 2. Nf3 Nc6 3. Bc4 Bc5 4. d3 Nf6 5. O-O O-O 6. Nbd2 d5 7. exd5 Nxd5 8.
Ne4 Bb6 9. Bg5 f6 10. Nc3 Nce7 11. Bh4 Kh8 12. Nxd5 Nxd5 13. Nxe5 g5 14. Qh5 fxe5
15. Bxg5 Qd6 16. Bh6 Rg8 17. Rae1 Bg4 18. Qxe5+ Qxe5 19. Rxe5 c6 20. Bxd5 cxd5
21. Rxd5 Bf3 22. Rg5 Bc6 23. Re1 Rae8 24. Rxe8 Rxe8 25. Kf1 Rg8 26. c4 Rg6 27.
Rxg6 hxg6 28. b4 Bd8 29. b5 Bd7 30. d4 Kg8 31. Ke2 1/2-1/2

[Event "II Miedzynarodowy Memorial Ireny Warakomskiej - Open C"]
[Site "Suwalki"]
[Date "2018.08.07"]
[Round "8.6"]
[White "Matczynski, Mariusz"]
[Black "Volkov, Aleksandr"]
[Result "1-0"]
[WhiteTitle ""]
[BlackTitle ""]
[WhiteElo "1208"]
[BlackElo "1506"]

1. e4 e5 2. Nf3 Nc6 3. Bc4 Qe7 4. Nc3 Nf6 5. O-O Qc5 6. d3 a6 7. Be3 Nd4 8. Bxd4
exd4 9. Ne2 d6 10. Nexd4 Bg4 11. h3 Bh5 12. Qd2 O-O-O 13. Rfe1 d5 14. exd5 Nxd5
15. Re5 Bg6 16. c3 c6 17. Bb3 Bd6 18. Rg5 h6 19. Rg4 Rhe8 20. Bc4 h5 21. Rg5 Qb6
22. Kf1 Bf4 23. Qc2 Bxg5 24. Nxg5 c5 25. Nb3 Nf4 26. Rd1 Qc6 27. f3 Nd5 28. Bxd5
Qxd5 29. Ne4 c4 30. Nd4 cxd3 31. Rxd3 f5 32. Ng3 h4 33. Nge2 f4 34. Nxf4 Bxd3+
35. Qxd3 Qxa2 36. Qf5+ Kb8 37. Nfe6 Qa1+ 38. Kf2 Qxb2+ 39. Kg1 Qc1+ 40. Kh2 Qe1
41. Qf4+ Ka7 42. Nc6+ Kb6 43. Qc7+ Kb5 44. Ncd4+ Rxd4 45. Nxd4+ Ka4 46. Qc4+ 1-0

[Event "II Miedzynarodowy Memorial Ireny Warakomskiej - Open C"]
[Site "Suwalki"]
[Date "2018.08.07"]
[Round "8.7"]
[White "Czarnomski, Dominik"]
[Black "Zalega, Maciej "]
[Result "1/2-1/2"]
[WhiteTitle ""]
[BlackTitle ""]
[WhiteElo "1493"]
[BlackElo "1375"]

1. c4 c5 2. g3 Nc6 3. Bg2 g6 4. Nc3 Bg7 5. Nf3 d6 6. O-O Bg4 7. h3 Bxf3 8. Bxf3
e6 9. Rb1 Nge7 10. a3 a6 11. b4 cxb4 12. axb4 Qc7 13. b5 Ne5 14. Bg2 a5 15. b6
Qxc4 16. Nb5 Kd7 17. Nxd6 Kxd6 18. Ba3+ Kd7 19. Rc1 N7c6 20. Rxc4 Nxc4 21. Qb3
Nxa3 22. Qa4 Rhc8 23. d4 Ra6 24. d5 exd5 25. Bxd5 Bf8 26. Qxa3 1/2-1/2

[Event "II Miedzynarodowy Memorial Ireny Warakomskiej - Open C"]
[Site "Suwalki"]
[Date "2018.08.07"]
[Round "8.9"]
[White "Burak, Vyacheslav"]
[Black "Kutylo, Konrad "]
[Result "1-0"]
[WhiteTitle ""]
[BlackTitle ""]
[WhiteElo "1236"]
[BlackElo "1470"]

1. c4 Nf6 2. Nc3 e6 3. d4 d5 4. cxd5 exd5 5. Bg5 c6 6. e4 dxe4 7. Nxe4 Bb4+ 8.
Nc3 Qa5 9. Qc2 Nd5 10. Bd2 O-O 11. Bd3 Re8+ 12. Nge2 h6 13. a3 Nxc3 14. bxc3 Bd6
15. c4 Qh5 16. h3 Bg4 17. Be3 f5 18. O-O Bxe2 19. Bxe2 Qh4 20. Qxf5 Qe7 21. c5
Bc7 22. Bd3 Rd8 23. Rae1 Qf6 24. Qh7+ 1-0

[Event "II Miedzynarodowy Memorial Ireny Warakomskiej - Open C"]
[Site "Suwalki"]
[Date "2018.08.07"]
[Round "8.10"]
[White "Ostrowski, Dymitr"]
[Black "Tomicki, Marek "]
[Result "1-0"]
[WhiteTitle ""]
[BlackTitle ""]
[WhiteElo "1379"]
[BlackElo "1467"]

1. d4 Nf6 2. c4 e6 3. Nc3 d5 4. e3 Nbd7 5. Nf3 Be7 6. cxd5 exd5 7. Bd3 b6 8. O-O
O-O 9. Qc2 Bb7 10. Re1 c5 11. b3 Rc8 12. Bb2 a6 13. Qe2 b5 14. Rac1 c4 15. Bf5
b4 16. Nxd5 Nxd5 17. bxc4 Nc3 18. Bxc3 bxc3 19. Ne5 Bc6 20. Qc2 g6 21. d5 Nxe5
22. Bxc8 Qxc8 23. dxc6 Qxc6 24. Qxc3 Bf6 25. Qb3 Qe4 26. Red1 Qg4 27. c5 Nf3+
28. Kh1 Nh4 29. Qb7 Re8 30. Rg1 Be5 31. f4 Rb8 32. Qd5 Nf5 33. Qxe5 Rb2 34. h3
Qe2 35. Rce1 Qf2 36. Qd5 Ng3+ 37. Kh2 Ne2 38. Rxe2 Rxe2 39. c6 Rxe3 40. Qd8+ Kg7
41. c7 Rxh3+ 42. Kxh3 Qxg1 43. Qe8 1-0

[Event "II Miedzynarodowy Memorial Ireny Warakomskiej - Open C"]
[Site "Suwalki"]
[Date "2018.08.07"]
[Round "8.12"]
[White "Czarniecki, Pawel"]
[Black "Zajac, Szymon"]
[Result "1/2-1/2"]
[WhiteTitle ""]
[BlackTitle ""]
[WhiteElo "1450"]
[BlackElo "1346"]

1. d4 d5 2. e3 Bf5 3. Bd3 Bxd3 4. Qxd3 c6 5. Nf3 Nf6 6. Nbd2 e6 7. O-O Nbd7 8.
e4 dxe4 9. Nxe4 Nxe4 10. Qxe4 Nf6 11. Qe2 h6 12. Bf4 Bd6 13. Bxd6 Qxd6 14. c3
O-O 15. Rfe1 Rfe8 16. Rad1 Rad8 17. Ne5 Qc7 18. Qf3 Re7 19. h3 Nd7 20. Ng4 Nf8
21. Ne5 Nd7 22. Nd3 Nf6 23. Nc5 Rd5 24. c4 Rd8 25. Qc3 Nd7 26. Nd3 Nb6 27. b3
Rde8 28. Ne5 Nd7 29. Ng4 h5 30. Nh2 e5 31. Qg3 Nf6 32. Nf3 exd4 33. Qxc7 Rxc7
34. Rxe8+ Nxe8 35. Rxd4 Nf6 36. Kf1 Rd7 37. Rxd7 Nxd7 38. Ke2 Kf8 39. Ke3 Ke7
40. Kd4 Kd6 41. Ng5 Ke7 42. Ne4 f6 43. f4 g6 44. g3 b6 45. a3 Ke6 46. b4 a6 47.
c5 b5 48. Nd6 Nb8 49. g4 hxg4 50. hxg4 Nd7 51. Ne8 Nb8 1/2-1/2

[Event "II Miedzynarodowy Memorial Ireny Warakomskiej - Open C"]
[Site "Suwalki"]
[Date "2018.08.07"]
[Round "8.13"]
[White "Tynski, Aleksander "]
[Black "Kopaczewski, Zbigniew"]
[Result "1-0"]
[WhiteTitle ""]
[BlackTitle ""]
[WhiteElo "1448"]
[BlackElo "1391"]

1. e4 e6 2. d3 c5 3. Nf3 Nc6 4. Be3 b6 5. g3 Bb7 6. Bg2 g6 7. Nbd2 Bg7 8. Rb1 Nge7
9. Nh4 d5 10. O-O d4 11. Bf4 e5 12. Bxe5 Bxe5 13. f4 Bf6 14. Nhf3 Qc7 15. Nc4
b5 16. Ncd2 Bc8 17. e5 Bg7 18. Ne4 Nf5 19. Qd2 O-O 20. Nxc5 Ne3 21. Rfe1 Nxg2
22. Qxg2 Rb8 23. Ne4 Rd8 24. Nd6 f6 25. exf6 Bxf6 26. Re8+ Rxe8 27. Nxe8 Qd8 28.
Nxf6+ Qxf6 29. Re1 Bb7 30. Qe2 Kf8 31. Ne5 Qd6 32. Qg4 Bc8 33. Qh4 Nxe5 34. fxe5
Qd7 35. Qf6+ Kg8 36. e6 Qe8 37. e7 Bb7 38. Qe6+ Kg7 39. Qe5+ Kh6 40. Qxb8 Qc6
41. Qf8+ Kh5 42. Re5+ 1-0

[Event "II Miedzynarodowy Memorial Ireny Warakomskiej - Open C"]
[Site "Suwalki"]
[Date "2018.08.07"]
[Round "8.14"]
[White "Paluch, Andrzej"]
[Black "Budzisz, Adrian"]
[Result "0-1"]
[WhiteTitle ""]
[BlackTitle ""]
[WhiteElo "1404"]
[BlackElo "1400"]

1. d4 d5 2. c4 e6 3. Nc3 Nf6 4. Bg5 Be7 5. e3 b6 6. cxd5 exd5 7. Bd3 Bb7 8. Qc2
h6 9. Bf4 c6 10. Nf3 O-O 11. O-O-O Nbd7 12. Bf5 c5 13. g4 cxd4 14. exd4 Rc8 15.
Qe2 Ne4 16. Bd2 Bb4 17. Qe3 Re8 18. Bxe4 Rxe4 19. Qd3 Rxg4 20. Rdg1 Rxg1+ 21.
Rxg1 Qf6 22. Kb1 Bxc3 23. bxc3 Kh8 24. Be3 Qxf3 25. Qd2 Qf5+ 26. Kb2 Kh7 27. Rg3
Nf6 28. Qd1 Ne4 29. Rf3 Qd7 30. Bd2 Re8 31. Qc2 Qb5+ 32. Ka1 Qf1+ 33. Bc1 Kg8
34. Re3 Bc6 35. Kb2 Qxf2 36. Re2 Qf5 37. Rg2 Kh7 38. Qd3 Nd6 39. Qg3 Nc4+ 40.
Ka1 Qg6 41. Qf2 Qe6 42. Rg1 f5 43. a3 Rf8 44. Qg3 Rf7 45. Bf4 Qf6 46. Qh3 Bd7
47. Qg3 Be8 48. Be5 Nxe5 49. dxe5 Qe6 50. Re1 Re7 51. h4 Qg6 52. Qd3 Bf7 53. Qe3
Qg4 54. Qf2 g6 55. Rg1 Qc4 56. Qe1 d4 57. Rg2 Qxc3+ 58. Qxc3 dxc3 59. Re2 Bc4
60. Re3 g5 61. hxg5 hxg5 62. Rxc3 Be6 63. Kb2 Kg6 64. Kc2 Bd5 65. Re3 Be4+ 0-1

[Event "II Miedzynarodowy Memorial Ireny Warakomskiej - Open C"]
[Site "Suwalki"]
[Date "2018.08.07"]
[Round "8.16"]
[White "Olszewski, Antoni"]
[Black "Wydornik, Robert "]
[Result "0-1"]
[WhiteTitle ""]
[BlackTitle ""]
[WhiteElo "1253"]
[BlackElo "1373"]

1. e4 e5 2. Nf3 Nc6 3. Bc4 Nf6 4. Ng5 d5 5. exd5 Nd4 6. c3 b5 7. cxd4 bxc4 8. dxe5
Nxd5 9. d4 Bb4+ 10. Bd2 Qxg5 11. Bxb4 Qxg2 12. Rf1 Qe4+ 13. Kd2 Qxd4+ 14. Ke2
Bg4+ 15. f3 Qe3# 0-1

[Event "II Miedzynarodowy Memorial Ireny Warakomskiej - Open C"]
[Site "Suwalki"]
[Date "2018.08.07"]
[Round "8.17"]
[White "Karut, Kacper"]
[Black "Podlewski, Michal"]
[Result "0-1"]
[WhiteTitle ""]
[BlackTitle ""]
[WhiteElo "1208"]
[BlackElo "1371"]

1. e4 e6 2. d4 d5 3. e5 c5 4. c3 Nc6 5. Nf3 Qb6 6. a3 c4 7. g3 Bd7 8. Bg2 Na5 9.
Nbd2 Ne7 10. O-O Nc8 11. h4 h6 12. Nh2 Be7 13. Qg4 Rg8 14. f4 Qc7 15. Qh5 Bf8
16. Bh3 Ne7 17. Qf3 O-O-O 18. Rb1 Qb6 19. Kh1 Kb8 20. g4 g6 21. g5 Nf5 22. Bxf5
gxf5 23. Qh5 Be8 24. Qf3 Ba4 25. Qh5 Be8 26. Qf3 hxg5 27. fxg5 Rh8 28. Qg3 Ka8
29. Nhf3 Be7 30. Kg2 Bd7 31. Rh1 Rh5 32. Kf1 Rg8 33. Rg1 Ba4 34. Qe1 Qd8 35. Qe3
Qf8 36. Qe1 Qg7 37. Qe3 Qg6 38. Ra1 Rgh8 39. Qf4 Bc2 40. Qe3 Be4 0-1

[Event "II Miedzynarodowy Memorial Ireny Warakomskiej - Open C"]
[Site "Suwalki"]
[Date "2018.08.07"]
[Round "8.19"]
[White "Szczotka, Matylda"]
[Black "Nowak, Adam"]
[Result "1-0"]
[WhiteTitle ""]
[BlackTitle ""]
[WhiteElo "1164"]
[BlackElo "1352"]

1. e4 d6 2. d4 Nf6 3. Nc3 g6 4. f3 c6 5. Be3 b5 6. Qd2 Nbd7 7. Nh3 Bg7 8. Nf2 Nb6
9. h3 a5 10. Ng4 b4 11. Nd1 Nh5 12. Qf2 Bxg4 13. hxg4 Nf6 14. Bd3 h5 15. gxh5
Rxh5 16. Rxh5 Nxh5 17. g4 Nf6 18. Qh4 Kd7 19. Bf4 Qh8 20. Qg3 Qh1+ 21. Bf1 Bh6
22. g5 Bxg5 23. Bxg5 Nxe4 24. fxe4 f6 25. Nf2 Qh5 26. Bd2 1-0

[Event "II Miedzynarodowy Memorial Ireny Warakomskiej - Open C"]
[Site "Suwalki"]
[Date "2018.08.07"]
[Round "8.20"]
[White "Trochimczuk, Szymon"]
[Black "Gladyszewska, Kinga"]
[Result "0-1"]
[WhiteTitle ""]
[BlackTitle ""]
[WhiteElo "1330"]
[BlackElo "1080"]

1. e4 c5 2. Nf3 Nc6 3. d4 cxd4 4. Nxd4 Nf6 5. Nc3 d6 6. Be3 g6 7. Be2 Bg7 8. O-O
a6 9. Qd2 O-O 10. Rad1 Bd7 11. Bh6 Nxd4 12. Qxd4 Bxh6 13. e5 dxe5 14. Qxe5 Qe8
15. Qg3 Bg7 16. h4 Bf5 17. h5 Bxc2 18. Rd2 Bf5 19. hxg6 Bxg6 20. f4 e6 21. Bd3
Rd8 22. Rfd1 Bxd3 23. Rxd3 Rxd3 24. Rxd3 Qc6 25. Qg5 Kh8 26. Qh4 Qc5+ 27. Kf1
Qh5 28. Qg3 Qg6 29. Qf3 Qh5 30. Qg3 Qg6 31. Qh3 Qf5 32. Qf3 Ng4 33. Ke2 Nf6 34.
Kf1 e5 35. Qd1 Qxf4+ 36. Rf3 Qh6 37. Rh3 Qg5 38. Rd3 Ng4 39. Qe2 Qc1+ 40. Nd1
Qf4+ 41. Ke1 e4 42. Rb3 b5 43. g3 Qf5 44. Ne3 Nxe3 45. Rxe3 Re8 46. g4 Qe5 47.
b3 Qa1+ 48. Kf2 Bd4 49. Kg3 Bxe3 50. Qxe3 Qe5+ 51. Kh3 Rc8 52. Qb6 Rc3+ 53. Kh4
Qg3+ 54. Kg5 Qe3+ 55. Qxe3 Rxe3 56. Kf6 Rf3+ 57. Ke5 e3 58. Kd5 e2 59. Kc6 e1=Q
0-1

[Event "II Miedzynarodowy Memorial Ireny Warakomskiej - Open C"]
[Site "Suwalki"]
[Date "2018.08.07"]
[Round "8.21"]
[White "Ulanowska, Dorota"]
[Black "Rzecki, Andrzej"]
[Result "0-1"]
[WhiteTitle ""]
[BlackTitle ""]
[WhiteElo "1299"]
[BlackElo "1217"]

1. e4 e5 2. Nc3 Bc5 3. Nf3 d6 4. h3 Nf6 5. Bc4 h6 6. d3 Nc6 7. O-O Bd7 8. a3 a6
9. Nd5 Nh7 10. c3 Ne7 11. b4 Ba7 12. Bd2 c6 13. Nxe7 Qxe7 14. Qe2 b5 15. Bb3 Ng5
16. Nxg5 hxg5 17. Bd1 g4 18. Be3 gxh3 19. Bxa7 hxg2 20. f3 gxf1=Q+ 21. Kxf1 Rxa7
22. Qf2 g6 23. Qxa7 Bh3+ 24. Ke2 Qxa7 25. Kd2 Be6 26. Be2 Rh2 27. Re1 Qe7 28.
Ke3 Qg5+ 29. f4 Qxf4# 0-1

[Event "II Miedzynarodowy Memorial Ireny Warakomskiej - Open C"]
[Site "Suwalki"]
[Date "2018.08.07"]
[Round "8.22"]
[White "Bednarska, Julita"]
[Black "Murawski, Milosz "]
[Result "1/2-1/2"]
[WhiteTitle ""]
[BlackTitle ""]
[WhiteElo "1190"]
[BlackElo "1288"]

1. e4 c5 2. Nf3 d6 3. d4 cxd4 4. Nxd4 Nf6 5. Nc3 a6 6. Bd3 e5 7. Nb3 Be6 8. O-O
Be7 9. h3 O-O 10. Be3 Nbd7 11. Be2 b5 12. a3 h6 13. Qd2 Qc7 14. Rad1 Rfd8 15.
Kh1 Nc5 16. Nd5 Bxd5 17. exd5 Nxb3 18. cxb3 Rac8 19. Rc1 Qb7 20. Rxc8 Rxc8 21.
Rd1 Ne4 22. Qd3 Nc5 23. Bxc5 Rxc5 24. b4 Rc8 25. Qe4 Qc7 1/2-1/2

[Event "II Miedzynarodowy Memorial Ireny Warakomskiej - Open C"]
[Site "Suwalki"]
[Date "2018.08.07"]
[Round "8.23"]
[White "Bednarski, Pawel "]
[Black "Fronczyk, Wiktor "]
[Result "0-1"]
[WhiteTitle ""]
[BlackTitle ""]
[WhiteElo "1167"]
[BlackElo "1279"]

1. e4 c5 2. Nc3 Nc6 3. Nf3 e6 4. d3 d5 5. Bf4 a6 6. g3 h6 7. Bg2 g5 8. Bd2 d4 9.
Ne2 Bg7 10. O-O Nge7 11. Ne1 e5 12. Nc1 Ng6 13. Nb3 Qe7 14. Na5 Nxa5 15. Bxa5
h5 16. Bf3 g4 17. Bg2 h4 18. Qe2 Bh6 19. Bd2 Bd7 20. c3 f6 21. Bxh6 Rxh6 22. Qd2
Rh8 23. cxd4 cxd4 24. Rc1 Qh7 25. Bh1 hxg3 26. fxg3 0-1

[Event "II Miedzynarodowy Memorial Ireny Warakomskiej - Open C"]
[Site "Suwalki"]
[Date "2018.08.07"]
[Round "8.24"]
[White "Bekier, Piotr"]
[Black "Zajac, Robert"]
[Result "1/2-1/2"]
[WhiteTitle ""]
[BlackTitle ""]
[WhiteElo "1132"]
[BlackElo "1248"]

1. d4 d5 2. c4 Nf6 3. Nc3 b6 4. Nf3 e6 5. Bg5 Be7 6. e3 O-O 7. cxd5 exd5 8. Bd3
h6 9. Bf4 Bg4 10. Rc1 a6 11. h3 Bc8 12. O-O Bd6 13. Bxd6 Qxd6 14. Ne5 c5 15. Nf3
c4 16. Bb1 b5 17. Re1 Bb7 18. e4 dxe4 19. Nxe4 Nxe4 20. Bxe4 Bxe4 21. Rxe4 Nd7
22. Qe2 Nf6 23. Re5 Nd5 24. g3 Nb4 25. Ra1 Nd3 26. Re4 Qg6 27. Ne5 Nxe5 28. Rxe5
Rad8 29. Rd1 f5 30. d5 Rf6 31. Qf3 Rdd6 32. Rde1 h5 33. Re8+ Kh7 34. Ra8 h4 35.
Ree8 Qg5 36. Rh8+ Kg6 37. Rxh4 Kf7 38. Rhh8 Rh6 39. Ra7+ Kg6 40. Rg8 Rh7 41. g4
Rf6 42. d6 Rxd6 43. Qxf5+ Qxf5 44. gxf5+ Kxf5 45. Rgxg7 Rxh3 46. Rae7 1/2-1/2

[Event "II Miedzynarodowy Memorial Ireny Warakomskiej - Open C"]
[Site "Suwalki"]
[Date "2018.08.07"]
[Round "8.25"]
[White "Kruszynski, Jacek"]
[Black "Gladyszewski, Adam "]
[Result "1-0"]
[WhiteTitle ""]
[BlackTitle ""]
[WhiteElo "1145"]
[BlackElo "1220"]

1. e4 c5 2. Nf3 Nc6 3. d4 cxd4 4. Nxd4 d6 5. Nc3 Nf6 6. Be2 a6 7. Be3 g6 8. Nd5
Nxd5 9. exd5 Qa5+ 10. c3 Ne5 11. Nb3 Qc7 12. Bd4 f6 13. Nd2 Bg7 14. O-O O-O 15.
f4 Nf7 16. Bc4 b5 17. Bb3 Re8 18. Re1 Nh6 19. h3 Nf5 20. Bf2 Nh6 21. Nf3 Nf7 22.
a4 Bd7 23. Nd4 Rab8 24. Qd2 f5 25. axb5 axb5 26. Ra3 Bf6 27. Ne6 Bxe6 28. dxe6
Nd8 29. Ra7 Rb7 30. Rea1 Qc8 31. Bd5 Rxa7 32. Rxa7 Kf8 33. Qe3 Qc5 34. Qxc5 dxc5
35. Bxc5 Bh4 36. Ra8 Bg3 37. Bb6 Bxf4 38. Rxd8 Rxd8 39. Bxd8 Bd6 40. Ba5 Kg7 41.
Bc6 Kf6 42. Bxb5 Kxe6 43. b4 Kd5 44. c4+ Ke6 45. Kf2 Ke5 46. Kf3 g5 47. Bd7 f4
48. c5 Bb8 49. c6 Kd6 50. b5 h5 51. Bb4+ Kc7 52. Bc5 g4+ 53. hxg4 hxg4+ 54. Kxg4
Kd8 55. b6 Be5 56. Kf5 f3 57. gxf3 Bg3 58. Ke6 Bf4 59. Bxe7# 1-0

[Event "II Miedzynarodowy Memorial Ireny Warakomskiej - Open C"]
[Site "Suwalki"]
[Date "2018.08.07"]
[Round "8.27"]
[White "Galaszewski, Karol "]
[Black "Oglaza, Dawid"]
[Result "1-0"]
[WhiteTitle ""]
[BlackTitle ""]
[WhiteElo "1152"]
[BlackElo "1133"]

1. e4 e5 2. Nf3 Nc6 3. Bb5 a6 4. Bxc6 bxc6 5. O-O d6 6. d3 Bg4 7. h3 Bh5 8. Be3
Be7 9. Nbd2 Nf6 10. Bg5 O-O 11. b3 Nd7 12. Bxe7 Qxe7 13. c4 Nc5 14. Qc2 Rad8 15.
d4 Bxf3 16. dxc5 Bxg2 17. Kxg2 Qg5+ 18. Kh1 dxc5 19. Nf3 Qh5 20. Nh2 Qxh3 21.
Qb2 Rd4 22. Qa3 Rxe4 23. Qxc5 Rd8 24. Qxc6 Rh4 25. Qg2 Qxg2+ 26. Kxg2 Rd6 27.
Rad1 Rg6+ 28. Kh1 f6 29. Rg1 f5 30. Rxg6 hxg6 31. Rd8+ Kh7 32. Rc8 g5 33. Rxc7
e4 34. c5 g4 35. c6 Kg6 36. Rd7 Rh8 37. c7 Rc8 38. Rd6+ Kf7 39. Rxa6 Rxc7 40.
Ra4 Ke7 41. Nxg4 fxg4 42. Rxe4+ Kf6 43. Re2 Kf5 44. Kg2 g5 45. b4 Rb7 46. Rb2
Rb5 47. a4 Rb8 48. b5 Ra8 49. b6 Ke5 50. b7 Rb8 51. a5 Kd6 52. a6 Kc7 53. Kg3
Kc6 54. Kxg4 Kc7 55. a7 Rxb7 56. Rxb7+ Kxb7 57. Kxg5 Kxa7 58. f4 Kb7 59. Kg6 Kc7
60. f5 Kd7 61. Kg7 Ke7 62. f6+ Ke8 63. f7+ Kd7 64. f8=Q Kc6 65. Qd8 Kc5 66. Kf6
Kc4 67. Ke5 Kc3 68. Ke4 Kc2 69. Ke3 Kc1 70. Qd4 Kc2 71. Qc4+ Kb2 72. Kd3 Ka1 73.
Qb4 Ka2 74. Kc2 Ka1 75. Qb2# 1-0

[Event "II Miedzynarodowy Memorial Ireny Warakomskiej - Open C"]
[Site "Suwalki"]
[Date "2018.08.07"]
[Round "8.28"]
[White "Zalega, Joanna "]
[Black "Lamch, Michal"]
[Result "0-1"]
[WhiteTitle ""]
[BlackTitle ""]
[WhiteElo "1105"]
[BlackElo "1148"]

1. d4 d5 2. c4 c6 3. cxd5 cxd5 4. Nc3 Nf6 5. Nf3 Nc6 6. Bg5 e6 7. e3 Be7 8. Bd3
h6 9. Bh4 a6 10. a3 O-O 11. O-O b5 12. Qc2 Bb7 13. Rab1 Rc8 14. Rfc1 Nh5 15. Bxe7
Qxe7 16. Qe2 Nf6 17. Nd2 Rc7 18. Nb3 Rfc8 19. Nc5 Nd7 20. b4 Nxc5 21. dxc5 d4
22. exd4 Nxd4 23. Bh7+ Kxh7 24. Qd3+ Nf5 25. Ne4 Kh8 26. Rd1 Bxe4 27. Qxe4 Rd7
28. h3 Rcd8 29. Rxd7 Qxd7 30. Qe1 Ne7 31. Rc1 Nc6 32. Qe3 Kg8 33. Qb3 Kf8 34.
Kf1 Qd3+ 35. Qxd3 Rxd3 36. Ra1 Ke7 37. Ke2 0-1